Illustrated manual of nursing practice (Record no. 4205)

MARC details
000 -LEADER
fixed length control field 00582nam a22001697a 4500
003 - CONTROL NUMBER IDENTIFIER
control field OSt
005 - DATE AND TIME OF LATEST TRANSACTION
control field 20250822074155.0
008 - FIXED-LENGTH DATA ELEMENTS--GENERAL INFORMATION
fixed length control field 250822b |||||||| |||| 00| 0 eng d
020 ## - INTERNATIONAL STANDARD BOOK NUMBER
International Standard Book Number 0-7817-4887-9
040 ## - CATALOGING SOURCE
Transcribing agency OC
082 ## - DEWEY DECIMAL CLASSIFICATION NUMBER
Classification number Circ. 610.73 Il29 2002
245 ## - TITLE STATEMENT
Title Illustrated manual of nursing practice
260 ## - PUBLICATION, DISTRIBUTION, ETC.
Place of publication, distribution, etc. Philadelphia:
Name of publisher, distributor, etc. Lippincott Williams & Wilkins,
Date of publication, distribution, etc. c2002.
300 ## - PHYSICAL DESCRIPTION
Extent xiii, 1490 pages :
Other physical details illustration ;
Dimensions 26 cm
650 ## - SUBJECT ADDED ENTRY--TOPICAL TERM
Source of heading or term Nursing hanbooks, Manuals
942 ## - ADDED ENTRY ELEMENTS (KOHA)
Source of classification or shelving scheme Dewey Decimal Classification
Koha item type Book Circulation
Edition 3rd edition
Classification part Circ. 610.73 Il29 2002
Call number prefix Circ.
Suppress in OPAC No
952 ## - LOCATION AND ITEM INFORMATION (KOHA)
--
952 ## - LOCATION AND ITEM INFORMATION (KOHA)
--
Holdings
Withdrawn status Lost status Source of classification or shelving scheme Damaged status Not for loan Home library Current library Shelving location Date acquired Source of acquisition Cost, normal purchase price Total Checkouts Full call number Barcode Date last seen Copy number Price effective from Koha item type Uniform Resource Identifier
    Dewey Decimal Classification     HM & Nursing Library HM & Nursing Library Circulation 08/26/2004 School Fund 895.00   Circ. 610.73 Il29 2002 CL41017 08/22/2025 c1 08/22/2025 BK-CIRC
    Dewey Decimal Classification     HM & Nursing Library HM & Nursing Library Circulation 08/26/2004 School Fund 895.00   Circ. 610.73 Il29 2002 CL41016 08/22/2025 c3 08/22/2025 BK-CIRC